000 00492nam a2200157 a 4500
005 20140412111348.0
008 050420s19uu xx 00 eng d
020 _a0-7548-0074-1
050 _aER
_bGu93 1999
245 _aThe Gummi bear: counting book /
_cillustrated by Pam Wall ; text Lindley Boegehold.
260 _aNew York :
_bAnness Publishing Inc.,
_c1999.
300 _a1 v. (unp.) ; ill.
650 _aCounting
_xJuvenile liteature
650 _aChildren stories
999 _c105260
_d105260